000 00778cam a2200241 4500
001 M91888
008 090401t1998 xxu||||| |||| 00| 0 eng d
035 _a(Sirsi) u99430
041 _aeng
110 _aRoyal Institution of Chartered Surveyors
_94900
245 _aBPF short lease consultation document.
260 _aLondon
_bRICS
_c1998
300 _a4p. ; 30cm.
350 _a0
490 _aRICS Policy Unit Submission
_vPU/SUB/048
520 _aPrepared in response to the consultation paper BPF Short Lease: Consultation Draft. Available on the Internet at http://www.rics.org.uk/parliament/
650 _aBPF
650 _aBUSINESS LEASES
650 _aSHORT LEASES
690 _aLANDLORD AND TENANT-BUSINESS TENANCIES
942 _n0
948 _c27/05/1998
999 _c99332
_d99332